| 000 | 00541 a2200145 4500 | ||
|---|---|---|---|
| 003 | Nust | ||
| 005 | 20170207154020.0 | ||
| 040 | _cNust | ||
| 100 | _aMark Taber | ||
| 245 |
_aMaximum Security: A Hacker's Guide to Protecting Your Internet Site and _bNetwork (E-Book) _cMark Taber |
||
| 260 | _c© Copyright, Angel722 | ||
| 300 | _a670 P; | ||
| 505 | _aI Setting the Stage - II Understanding the Terrain - III Tools - IV Platforms and Security - V Beginning at Ground Zero - VI The Remote Attack - VII The Law - VIII Appendixes | ||
| 651 | _a(E-Book) | ||
| 942 |
_2ddc _cBK |
||
| 999 |
_c191622 _d191622 |
||